| 000 | 00812nam a2200169 a 4500 | ||
|---|---|---|---|
| 008 | 160429s2016 ||||||||||||||||| || u | ||
| 020 | _a9789211171075 | ||
| 050 | _aUNECE(02)2016/1 | ||
| 110 | _aUnited Nations Economic Commission for Europe (UNECE) | ||
| 245 | 1 | 4 |
_aThe United nations motorcycle helmet study: part of WP.29, "How it works and how to join it", series _cby United nations economic commission for Europe |
| 260 |
_aNew york and Geneva _bUnited Nations Economic Commission for Europe (UNECE) _c2016 |
||
| 300 | _axii, 68p.: ill | ||
| 650 | _aMOTORCYCLE HELMET- RESEARCH | ||
| 650 | _aTRAFFIC SAFETY MEASURES | ||
| 650 | _aMOTORCYCLING--SAFETY MEASURES | ||
| 995 |
_FCBU-MAIN LIBRARY (Kitwe) _M1 _UAVAILABLE _WMay 3, 2016 _ZInternational Publications |
||
| 999 |
_c60843 _d60843 |
||